Statistics for Top 20 Countries with the Most Freedom

Click here to take the quiz!

General Stats

  • This quiz has been taken 23 times
  • The average score is 12 of 15

Answer Stats

IndexAnswer% Correct
8.73United States
100%
8.85Finland
91%
8.75United Kingdom
91%
8.83Sweden
86%
8.85Canada
82%
8.98Denmark
82%
8.77Iceland
82%
8.76Norway
82%
9.01New Zealand
77%
9.11Switzerland
77%
8.84Australia
73%
8.80Luxembourg
73%
8.78Netherlands
73%
8.90Ireland
64%
8.91Estonia
41%

Score Distribution

Percentile by Number Answered

Percent of People with Each Score

Your Score History

You have not taken this quiz